Sports Quiz

Random Sports or Soccer Quiz

England's second flight: All teams 1892-2020 Quiz Stats

 Plays Quiz not verified by Sporcle

Support Sporcle.
Go Orange.
Score 0/105 Timer 14:00
0 Plays Today
% Correct
Manchester City
95.3%
Aston Villa
95%
Manchester United
95%
Arsenal
94.8%
Newcastle United
94.3%
Liverpool
93.7%
Sunderland
93.6%
Blackburn Rovers
93.4%
Leicester City
92.6%
Everton
92.5%
Leeds United
92.5%
Swansea City
92.5%
Leeds City
92.3%
Norwich City
92.3%
AFC Bournemouth
92%
Cardiff City
92%
Ipswich Town
91.9%
Derby County
91.8%
Portsmouth
91.8%
Burnley
91.6%
Southampton
91.6%
West Bromwich Albion
91.6%
Birmingham City
91.5%
West Ham United
91.5%
Middlesbrough
91.3%
Sheffield United
91.3%
Sheffield Wednesday
91.3%
Wolverhampton Wanderers
91.2%
Tottenham Hotspur
91.1%
Bolton Wanderers
90.8%
Blackpool
90.5%
Chelsea
90.2%
Nottingham Forest
90.2%
Brighton and Hove Albion
90.1%
Wimbledon
89.9%
% Correct
Barnsley
89.7%
Milton Keynes Dons
89.5%
Fulham
89.4%
Hull City
89.4%
Notts County
88.8%
Stoke City
88.4%
Bristol City
88%
Queens Park Rangers
88%
Watford
87.8%
Reading
87.4%
Bristol Rovers
87%
Crystal Palace
86.9%
Huddersfield Town
86.7%
Oxford United
86.2%
Charlton Athletic
86%
Preston North End
85.8%
Plymouth Argyle
85.5%
Luton Town
85.3%
Brentford
85.2%
Oldham Athletic
84.6%
Bradford City
84.1%
Wigan Athletic
84.1%
Swindon Town
83.8%
Millwall
83.2%
Yeovil Town
83.2%
Coventry City
82.8%
Rotherham United
82.4%
Rotherham Town
82.3%
Bury
82.1%
Wycombe Wanderers
82%
Carlisle United
81%
Cambridge United
80.6%
Doncaster Rovers
80.3%
Burton Albion
79.9%
Grimsby Town
79.9%
% Correct
Gillingham
79.5%
York City
79.5%
Northampton Town
78.8%
Tranmere Rovers
78.5%
Burton Swifts
78.2%
Burton United
78.2%
Burton Wanderers
78.2%
Walsall
76%
Chesterfield
75.6%
Crewe Alexandra
75.6%
Port Vale
75.3%
Colchester United
75.1%
Peterborough United
75.1%
Southend United
75.1%
Leyton Orient
74.9%
Lincoln City
74%
Wrexham
73.9%
Bradford Park Avenue
70.8%
Stockport County
69.6%
Newport County
69.4%
Mansfield Town
69%
Scunthorpe United
68.4%
Shrewsbury Town
62.2%
Darlington
60.8%
Hereford United
56%
Darwen
49.7%
Glossop North End
45.4%
Gainsborough Trinity
34.8%
Loughborough
34.1%
Northwich Victoria
33.9%
New Brighton Tower
29.3%
Middlesbrough Ironopolis
28.6%
Bootle
28.2%
Nelson
26.5%
South Shields
23.6%

You're not logged in!

Compare scores with friends on all Sporcle quizzes.
OR
Log In

From the Vault

'Club' Sporcle

by hsox05

If you think this quiz is tough...join the club (sorry we couldn't resist).
Remove Ads.
Support Sporcle.
Get the best of Sporcle when you Go Orange. This ad-free experience offers more features, more stats, and more fun while also helping to support Sporcle. Thank you for becoming a member.

Show Comments

Extras

Top Quizzes Today


Score Distribution

Your Account Isn't Verified!

In order to create a playlist on Sporcle, you need to verify the email address you used during registration. Go to your Sporcle Settings to finish the process.

Report this User

Report this user for behavior that violates our Community Guidelines.

Details: